The great shepherd. (Record no. 3816)

000 -LEADER
fixed length control field 00526nam a2200181 a 4500
001 - CONTROL NUMBER
control field :::00001551$&:&@@
003 - CONTROL NUMBER IDENTIFIER
control field OkBaRHE
005 - DATE AND TIME OF LATEST TRANSACTION
control field 20000607103244.0
008 - FIXED-LENGTH DATA ELEMENTS--GENERAL INFORMATION
fixed length control field j 000 0 eng u
040 ## - CATALOGING SOURCE
Transcribing agency
100 1# - MAIN ENTRY--PERSONAL NAME
Personal name Jamieson, S. A.
245 14 - TITLE STATEMENT
Title The great shepherd.
260 ## - PUBLICATION, DISTRIBUTION, ETC. (IMPRINT)
Place of publication, distribution, etc Springfield, MI., :
Name of publisher, distributor, etc Gospel Publishing House
Date of publication, distribution, etc nd
300 ## - PHYSICAL DESCRIPTION
Extent 109 p. ;
Dimensions 19 cm.
650 ## - SUBJECT ADDED ENTRY--TOPICAL TERM
Topical term or geographic name as entry element Bible
General subdivision Study
942 ## - ADDED ENTRY ELEMENTS (KOHA)
Source of classification or shelving scheme
Koha item type Books
Copies
Lost status Shelving location Source of classification or shelving scheme Full call number Withdrawn status Current Location Not for loan Permanent Location Damaged status Koha item type Barcode Date acquired Copy number Date last seen Price effective from
MissingGeneral Stacks BS 600 .J3G7 RHEMA Bible Training College RHEMA Bible Training College Books15512010-04-1412018-02-272010-04-14